000
00251nam a2200109Ia 4500
008
190216s9999||||xx |||||||||||||| ||und||
100
_a
Jerry March
245
0
_a
Advanced Organic Chemistry
260
_b
John Wiley & Sons
300
_a
1495
942
_c
BK
999
_c
2916
_d
2916